00000000cam 2200000zi 4500
0019.958045
003CaOODSP
00520251208100118
006m     o  d f      
007cr bn|||||||||
008251208s1963    onc     o    f000 0 eng d
040 |aCaOODSP|beng|erda|cCaOODSP
0861 |aEn58-27/4-63E-PDF
24500|aWorld record low temperatures.
250 |aRevised November 1963.
264 1|aToronto, Ontario : |bMeteorological Branch, Department of Transport, |c1963.
300 |a1 online resource (1 page).
336 |atext|btxt|2rdacontent
337 |acomputer|bc|2rdamedia
338 |aonline resource|bcr|2rdacarrier
4901 |aCDS ; |v#4-63
500 |aDigitized edition from print [produced by Environment and Climate Change Canada].
500 |a"Replaces CDS #4-60."
650 0|aLow temperatures.
650 0|aClimatic extremes.
650 6|aBasses températures.
650 6|aExtrêmes (Météorologie)
7101 |aCanada. |bMeteorological Branch, |eissuing body.
830#0|aCDS ;|vno. 4-63.|w(CaOODSP)9.932874
85640|qPDF|s104 KB|uhttps://publications.gc.ca/collections/collection_2025/eccc/en58/En58-27-4-63-eng.pdf